| 000 | 01446cam a22003734i 4500 | ||
|---|---|---|---|
| 003 | PE-LiUPU | ||
| 005 | 20250818102754.0 | ||
| 008 | 1971 s1971 gw rb 000 0 heb d | ||
| 035 | _aPE-LiUPU000423 | ||
| 040 |
_aPE-LiUPU _bspa _cPE-LiUPU _erda |
||
| 041 | 0 | _aheb | |
| 082 | 0 | 4 |
_a221.41 _bK62b _223 |
| 100 |
_aKittel, Rudolf, _eeditor. _96590 |
||
| 245 | 1 | 0 |
_aBiblia Hebraica / _ceditado por Rudolf Kittel |
| 250 | _aEditio decima sexta emendata typis editionis septimae expressa. | ||
| 264 | 1 |
_aStuttgart : _bWürttembergische Bibelanstalt, _c1971. |
|
| 300 |
_a1434 páginas ; _c25 cm |
||
| 336 |
_atext _2rdacontent |
||
| 337 |
_aunmediated _2rdamedia |
||
| 338 |
_avolume _2rdacarrier |
||
| 500 | _aTexto íntegro del Antiguo Testamento en hebreo con signos masoréticos. | ||
| 500 | _aCompilación y edición original de 1937; reimpresión completa realizada en 1971. | ||
| 500 | _aIncluye introducciones por libro en latín. Sin traducción ni comentarios en otros idiomas. | ||
| 546 | _aTexto en hebreo; introducciones en latín. | ||
| 650 | 1 | 8 | _aBiblia. |
| 650 | 1 | 8 |
_aBiblia. _xCrítica textual. |
| 700 |
_aKahle, Paul, _eeditor. _96633 |
||
| 700 |
_aAlt, Albrecht, _eeditor. _96634 |
||
| 700 |
_aEissfeldt, Otto, _eeditor. _96635 |
||
| 710 |
_aWürttembergische Bibelanstalt, _eeditor. _96636 |
||
| 942 |
_2ddc _cBK |
||
| 980 |
_821515 _gROMINA COBOS Adquisiciones |
||
| 999 |
_c57177 _d57177 |
||